书目信息 |
| 题名: |
让教育与研究同行
|
|
| 作者: | 林惠生 著 | |
| 分册: | ||
| 出版信息: | 北京 线装书局 2019 |
|
| 页数: | 377页 | |
| 开本: | 24cm | |
| 丛书名: | 林惠生教育文选 | |
| 单 册: | ||
| 中图分类: | G40-03 | |
| 科图分类: | ||
| 主题词: | 教育研究--jiao yu yan jiu | |
| 电子资源: | ||
| ISBN: | 978-7-5120-3396-2 | |
| 000 | 01648nam 2200325 450 | |
| 001 | 012001000735 | |
| 005 | 20131024154808.0 | |
| 010 | @a978-7-5120-3396-2@dCNY96.00 | |
| 099 | @aCAL 012019037857 | |
| 100 | @a20190302d2019 em y0chiy50 ea | |
| 101 | 0 | @achi |
| 102 | @aCN@b110000 | |
| 105 | @aak a 000yy | |
| 106 | @ar | |
| 200 | 1 | @a让教育与研究同行@Arang jiao yu yu yan jiu tong xing@e“大教研”新探@f林惠生著 |
| 210 | @a北京@c线装书局@d2019 | |
| 215 | @a377页@c图@d24cm | |
| 225 | 2 | @a林惠生教育文选@Alin hui sheng jiao yu wen xuan@v5 |
| 225 | 2 | @a德胜文丛@Ade sheng wen cong |
| 314 | @a林惠生, 特级教师, 正高级教师 (教授级), 湖南省邵阳武冈市人。 | |
| 320 | @a有书目 (第348-354页) | |
| 330 | @a全书以崭新的视角对“教育+研究”进行研究, 提出了鲜明主张: 让教育与研究同行, 从专业角度集中而深入探讨“大教研”。针对当前教研越来越严重的“低质”“假研”现象, 以“思辩+ 实证”的教研方法, 从“教育”“教研”“大教研”“教学”“课题”“论文”和多品种“教研表达”七个方面展开“新”探, 对“大教研观”的形成与“大教研观”的内涵边界提出了独特见解, 为“大教研”的实现呈现了新理念、新思维与新案例。如为“教研”正名, 为“教研制度”再定位, 变“教研”成为“教育研究”, 让“教育研究”意涵更丰富; 做“最专业”的课题, 写“再研究”的论文, 进行“多品种”的教研表达; 让教研走进高质量的“专业化时代”, 备课也是一种研究, 把课上在“研究中”。 | |
| 410 | 0 | @12001 @a林惠生教育文选@v5 |
| 410 | 0 | @12001 @a德胜文丛 |
| 517 | 1 | @a“大教研”新探@A“da jiao yan ”xin tan |
| 606 | 0 | @a教育研究@Ajiao yu yan jiu |
| 690 | @aG40-03@v5 | |
| 701 | 0 | @a林惠生@Alin hui sheng@4著 |
| 801 | 0 | @aCN@b江苏凤凰@c20191020 |
| 905 | @b1221124-7@dG40-03@e1055@f4 | |
| 让教育与研究同行:“大教研”新探/林惠生著.-北京:线装书局,2019 |
| 377页:图;24cm.-(林惠生教育文选;5).-(德胜文丛) |
| ISBN 978-7-5120-3396-2:CNY96.00 |
| 全书以崭新的视角对“教育+研究”进行研究, 提出了鲜明主张: 让教育与研究同行, 从专业角度集中而深入探讨“大教研”。针对当前教研越来越严重的“低质”“假研”现象, 以“思辩+ 实证”的教研方法, 从“教育”“教研”“大教研”“教学”“课题”“论文”和多品种“教研表达”七个方面展开“新”探, 对“大教研观”的形成与“大教研观”的内涵边界提出了独特见解, 为“大教研”的实现呈现了新理念、新思维与新案例。如为“教研”正名, 为“教研制度”再定位, 变“教研”成为“教育研究”, 让“教育研究”意涵更丰富; 做“最专业”的课题, 写“再研究”的论文, 进行“多品种”的教研表达; 让教研走进高质量的“专业化时代”, 备课也是一种研究, 把课上在“研究中”。 |
| ● |
| 相关链接 |
|
|
|
|
正题名:让教育与研究同行
索取号:G40-03/1055
 
预约/预借
| 序号 | 登录号 | 条形码 | 馆藏地/架位号 | 状态 | 备注 |
| 1 | 1221124 | 212211248 | 第一样本阅览室/ [索取号:G40-03/1055] | 在馆 | |
| 2 | 1221125 | 212211257 | 教育系资料室/ [索取号:G40-03/1055] | 在馆 | |
| 3 | 1221126 | 212211266 | 教育系资料室/ [索取号:G40-03/1055] | 在馆 | |
| 4 | 1221127 | 212211275 | 第四借阅区/ [索取号:G40-03/1055] | 在馆 |